00552nam a2200181Ii 450000100060000000300090000600800410001504000330005604100080008908200230009711000360012024500590015626400620021530000120027733600260028933700280031533800270034311364CO-ViMGA241108s9999||||xx |||||||||||||| ||und|| aCO-ViMGAbspaerdacCO-ViMGA0 aunk04aR 342.0209861 C7181 aColombia [Constitución, 1991]10aConstitución Política de Colombia de 1991 en Kubeo 1a[Lugar de publicación no identificado] : Uniandes, 1994 avolumen atextbtxt2rdacontent aunmediatedbn2rdamedia avolumebnc2rdacarrier